[Event "2nd Leonine GM"]
[Site "Dhaka BAN"]
[Date "2004.05.18"]
[Round "1"]
[White "Sandipan,C"]
[Black "Fominyh,A"]
[Result "1-0"]
[WhiteElo "2561"]
[BlackElo "2579"]

1.e4 c5 2.Nf3 Nc6 3.d4 cxd4 4.Nxd4 Qc7 5.Nc3 e6 6.Be3 a6 7.Qd2 Nf6 8.O-O-O Bb4
9.f3 Ne7 10.Nde2 d5 11.a3 Ba5 12.Bg5 dxe4 13.Bxf6 gxf6 14.Qh6 f5 15.fxe4 Qe5
16.Qh5 Bd7 17.g4 Bxc3 18.Nxc3 Qf4+ 19.Kb1 Qxg4 20.Qh6 O-O-O 21.Bxa6 fxe4
22.Be2 Nf5 23.Qf6 Qg7 24.Qxg7 Nxg7 25.Rhg1 Nf5 26.Nxe4 Bc6 27.Nf6 Rxd1+ 28.Rxd1 Kc7
29.Bd3 h5 30.Bxf5 exf5 31.Rf1 Kd6 32.Rxf5 h4 33.Kc1 Ke6 34.Rf4 h3 35.Kd2 Rh6
36.Ng4 Rh4 37.Ke3 f5 38.Ne5 Rh7 39.Nxc6 bxc6 40.Rc4 Kd5 41.Rc3 Rg7 42.Kf4 Rg2
43.Kxf5 Rxh2 44.Kg4 c5 45.b3 Kd4 46.Rc4+ Kd5 47.Kg3 Rh1 48.Rh4 Ra1 49.a4  1-0

[Event "TCh-SCG"]
[Site "Petrovac SCG"]
[Date "2004.05.18"]
[Round "3"]
[White "Prelevic,D"]
[Black "Damjanovic,D"]
[Result "0-1"]
[WhiteElo "2328"]
[BlackElo "2337"]

1.e4 c5 2.Nf3 Nc6 3.d4 cxd4 4.Nxd4 Qc7 5.Nc3 e6 6.Be2 a6 7.f4 Nxd4 8.Qxd4 b5
9.Be3 Bb7 10.O-O-O Rc8 11.Rd2 Nf6 12.Bf3 Qa5 13.e5 Bc5 14.Qd3 Bxe3 15.Qxe3 b4
16.Bxb7 bxc3 17.Bxc8 Qxa2 18.Kd1 Qb1+ 19.Ke2 Qxh1 20.bxc3 Qxg2+ 21.Kd1 Qf1+
22.Qe1 Qf3+ 23.Qe2 Qh1+ 24.Qe1 Qf3+ 25.Qe2 Qxc3 26.Qxa6 O-O 27.exf6 Rxc8
28.fxg7 d5 29.f5 Rb8 30.fxe6 Rb1+ 31.Ke2 Qe5+ 32.Kd3 Qe4+ 33.Kc3 Qb4+ 34.Kd3 Qe4+
35.Kc3 fxe6 36.Qa8+ Kxg7 37.Qa7+ Kg6 38.Qd4 Re1 39.Rd3 Qxd4+ 40.Kxd4 Re2
41.Rg3+ Kf6 42.Rf3+ Ke7 43.Rh3 Rxc2 44.Rxh7+ Kd6 45.h4 Re2 46.h5 Re4+ 47.Kd3 Ke5
48.h6 Rh4 49.Rh8 Rh3+ 50.Ke2 Ke4 51.h7 Rh2+ 52.Kf1 e5 53.Kg1 Rh6 54.Kf2 d4
55.Ke2 Rh2+ 56.Kf1 d3  0-1

[Event "TCh-SCG"]
[Site "Petrovac SCG"]
[Date "2004.05.20"]
[Round "5"]
[White "Brenjo,S"]
[Black "Boskovic,D"]
[Result "1-0"]
[WhiteElo "2464"]
[BlackElo "2420"]

1.e4 c5 2.Nf3 Nc6 3.d4 cxd4 4.Nxd4 Qc7 5.Nc3 e6 6.g3 a6 7.Bg2 Nf6 8.O-O Be7
9.Be3 O-O 10.a4 d6 11.Nb3 b6 12.f4 Bb7 13.g4 Nb4 14.g5 Nd7 15.Nd4 Rfe8 16.Rf3 Bf8
17.Rh3 g6 18.Bf2 Bg7 19.Nde2 Nf8 20.Ng3 Rad8 21.Qd2 Rd7 22.Nd1 Nc6 23.Ne3 Na5
24.Ng4 Qd8 25.Qb4 Nc6 26.Qxb6 Qxb6 27.Bxb6 Bxb2 28.Rd1 Bg7 29.a5 Rc8 30.c4 Nb4
31.Bf1 Na2 32.Nf6+ Bxf6 33.gxf6 Nc3 34.Re1 Na4 35.Bf2 Nc5 36.f5 Nb3 37.fxg6 fxg6
38.Nf5 exf5 39.Rxb3 Bxe4 40.c5 d5 41.Bxa6 Ra8 42.c6 Rxa6 43.cxd7 Nxd7 44.Rb7 Nxf6
45.Rc1 Ne8 46.Rc8 Re6 47.Rb6 Re7 48.Bc5 Re5 49.Bd4 Re7 50.Bf6 Rc7 51.Rxc7 Nxc7
52.Bd8  1-0

[Event "2nd Leonine GM"]
[Site "Dhaka BAN"]
[Date "2004.05.21"]
[Round "4"]
[White "Nguyen Anh Dung"]
[Black "Murshed,N"]
[Result "1/2-1/2"]
[WhiteElo "2535"]
[BlackElo "2471"]

1.e4 c5 2.Nf3 Nc6 3.d4 cxd4 4.Nxd4 Qc7 5.Nc3 e6 6.Be2 a6 7.O-O Nf6 8.Be3 Bb4
9.Na4 Be7 10.Nxc6 bxc6 11.Nb6 Rb8 12.Nxc8 Qxc8 13.Bd4 a5 14.e5 Nd5 15.c4 Nf4
16.Bf3 Qc7  1/2-1/2

[Event "2nd Leonine GM"]
[Site "Dhaka BAN"]
[Date "2004.05.26"]
[Round "9"]
[White "Thapa,K"]
[Black "Murshed,N"]
[Result "0-1"]
[WhiteElo "2126"]
[BlackElo "2471"]

1.e4 c5 2.Nf3 Nc6 3.d4 cxd4 4.Nxd4 Qc7 5.Be3 e6 6.Nc3 a6 7.Be2 Nf6 8.O-O Bb4
9.f3 O-O 10.Nxc6 bxc6 11.Na4 d5 12.Nb6 Rb8 13.Nxc8 Rfxc8 14.Bxa6 Rd8 15.e5 Qxe5
16.Bd4 Qd6 17.Bxf6 gxf6 18.Kh1 f5 19.Bd3 Bc5 20.Qc1 f4 21.b3 Bd4 22.c3 Be3
23.Qe1 Rd7 24.Qh4 f5 25.c4 Qe5 26.g3 Rg7 27.gxf4 Qb2 28.Qh3 Kh8 29.Rae1 Qd2
30.Rd1 Rbg8  0-1

[Event "Chicago Open"]
[Site "Chicago USA"]
[Date "2004.05.28"]
[Round "1"]
[White "Shivaji,S1"]
[Black "Golod,V"]
[Result "0-1"]
[WhiteElo "2272"]
[BlackElo "2552"]

1.e4 c5 2.Nf3 Nc6 3.d4 cxd4 4.Nxd4 Qb6 5.Nb3 Nf6 6.Nc3 e6 7.Be3 Qc7 8.Bd3 a6
9.f4 d6 10.O-O b5 11.Qf3 Rb8 12.Rae1 Be7 13.Qh3 O-O 14.g4 b4 15.Ne2 e5 16.f5 d5
17.Ng3 h6 18.exd5 Na5 19.Ne4 Nc4 20.Bc5 Nxe4 21.Bxe7 Qxe7 22.Rxe4 Nxb2 23.f6 Qd6
24.Qh5 Nxd3 25.cxd3 Qxd5 26.fxg7 Kxg7 27.Rxe5 Qxd3 28.Re8 Qxf1+ 29.Kxf1 Rxe8
30.g5 Rb6 31.Qh4 hxg5 32.Qxg5+ Rg6 33.Qh4 Rg4 34.Qf2 Re5 35.Qb2 f6 36.Nd4 Rf4+
37.Kg2 Rg5+  0-1

[Event "Memorial Day Classic"]
[Site "Glendale USA"]
[Date "2004.05.30"]
[Round "3"]
[White "Abrahamyan,T"]
[Black "Peters,Joh"]
[Result "0-1"]
[WhiteElo "2236"]
[BlackElo "2422"]

1.e4 c5 2.Nf3 Nc6 3.d4 cxd4 4.Nxd4 Qb6 5.Nb3 Nf6 6.Nc3 e6 7.Be3 Qc7 8.Bd3 d6
9.O-O a6 10.a4 b6 11.f4 Be7 12.Qf3 Bb7 13.g4 d5 14.g5 dxe4 15.Nxe4 Nd5 16.c3 O-O-O
17.Qe2 Nxe3 18.Qxe3 Kb8 19.a5 Nxa5 20.Nd4 Rd7 21.Qe2 b5 22.b4 Nc4 23.Nb3 Qc6
24.Nbc5 Rxd3 25.Qxd3 Bxc5+ 26.bxc5 Qxe4 27.Qxe4 Bxe4 28.Rxa6 Rc8 29.Rd1 Bd5
30.c6 Bxc6 31.Rb1 Rc7 32.Kf2 Nd2 33.Rc1 Bb7  0-1

[Event "57th ch-RUS Qualifier"]
[Site "Tomsk RUS"]
[Date "2004.05.31"]
[Round "9"]
[White "Ulibin,M"]
[Black "Sherbakov,R"]
[Result "1/2-1/2"]
[WhiteElo "2579"]
[BlackElo "2564"]

1.e4 c5 2.Nf3 Nc6 3.d4 cxd4 4.Nxd4 Qb6 5.Nb3 Nf6 6.Nc3 e6 7.Be3 Qc7 8.Bd3 a6
9.f4 d6 10.Qf3 b5 11.O-O Bb7 12.Qh3 Nb4 13.a3 Nxd3 14.cxd3 Be7 15.Rac1 Qd8
16.f5 e5 17.Qg3 h5 18.h3 Rc8 19.Nd2 h4 20.Qf2 d5 21.Nxd5 Nxd5 22.Rxc8 Bxc8
23.exd5 Qxd5 24.Qe2 O-O 25.Ne4 f6 26.b4 a5 27.Bc5 Bxc5+ 28.Nxc5 axb4 29.axb4 Qd4+
30.Kh1 Qxb4 31.Qa2+ Kh8 32.Qd5 Qd4 33.Qxd4 exd4 34.Rf4 Rd8 35.Nb3 Kg8 36.Nxd4 Rd5
37.Kg1 Kf7 38.Kf2 Rc5 39.Ke3 Bb7 40.Rg4 Bd5 41.Kd2 Ba2 42.Rxh4 b4 43.Rh8 Rd5
44.Ke3 Re5+ 45.Kd2 Rd5 46.Ke3 Re5+ 47.Kd2  1/2-1/2

[Event "TCh-CRO"]
[Site "Rabac CRO"]
[Date "2004.06.21"]
[Round "1"]
[White "Zelcic,R"]
[Black "Ramesa,M"]
[Result "1-0"]
[WhiteElo "2509"]
[BlackElo "2204"]

1.e4 c5 2.Nf3 Nc6 3.d4 cxd4 4.Nxd4 Qc7 5.Nc3 e6 6.Be2 a6 7.O-O Nf6 8.Kh1 Be7
9.f4 d6 10.Be3 O-O 11.a4 Re8 12.Bg1 Bf8 13.Qd3 Kh8 14.Qg3 Nxd4 15.Bxd4 e5
16.Be3 exf4 17.Rxf4 d5 18.Qf2 dxe4 19.Bd4 e3 20.Qf3 Qc6 21.Qg3 Bd6 22.Rxf6 Bxg3
23.Rxc6 bxc6 24.hxg3 Rb8 25.b3 Bf5 26.Rf1 Bg6 27.Bxa6 Rbd8 28.Ne2 Bh5 29.Bc3 f6
30.Bc4 Bg6 31.Rxf6 Rd2 32.Rxc6 Rxc2 33.Rc7 Rxc3 34.Nxc3 Bh5 35.a5  1-0

[Event "TCh-CRO"]
[Site "Rabac CRO"]
[Date "2004.06.24"]
[Round "6"]
[White "Marceta,M"]
[Black "Ramesa,M"]
[Result "0-1"]
[WhiteElo "2159"]
[BlackElo "2204"]

1.e4 c5 2.Nf3 Nc6 3.d4 cxd4 4.Nxd4 Qc7 5.Nc3 e6 6.Be2 a6 7.O-O Nf6 8.Be3 Be7
9.Kh1 O-O 10.f4 d6 11.Bf3 Na5 12.Qe1 Nc4 13.b3 Nxe3 14.Qxe3 e5 15.Nde2 b5
16.Rac1 Bb7 17.Rfd1 Rfe8 18.a4 b4 19.Na2 d5 20.exd5 e4 21.Bxe4 Bc5 22.Bxh7+ Nxh7
23.Qf3 Re3 24.Qf1 Qb6 25.Ng1 Nf6 26.Nf3 Nxd5 27.Ne5 Rxe5 28.fxe5 Ne3 29.Qe2 Nxg2  0-1

[Event "3rd Asean IM"]
[Site "Bangkok THA"]
[Date "2004.06.25"]
[Round "7"]
[White "Jiravorasuk,B"]
[Black "Aung Aung"]
[Result "1-0"]
[WhiteElo "2312"]
[BlackElo "2524"]

1.e4 c5 2.Nf3 Nc6 3.d4 cxd4 4.Nxd4 Qb6 5.Nb3 e6 6.Nc3 Nf6 7.Be3 Qc7 8.Bd3 a6
9.f4 d6 10.Qf3 Rb8 11.a4 b6 12.O-O Nb4 13.Kh1 Nd7 14.Nd4 Be7 15.Qg3 Bf6 16.Nf3 e5
17.Rae1 O-O 18.Nd5 Nxd5 19.exd5 e4 20.Bxe4 Bxb2 21.c3 Nc5 22.Bd4 f5 23.Bc2 Ne4
24.Bxe4 fxe4 25.Rxe4 Bf5 26.Re3 Rbe8 27.Rfe1 Rxe3 28.Rxe3 Bg6 29.Qe1  1-0

[Event "TCh-CRO"]
[Site "Rabac CRO"]
[Date "2004.06.27"]
[Round "9"]
[White "Malenica,M"]
[Black "Bilobrk,F"]
[Result "0-1"]
[WhiteElo "2162"]
[BlackElo "2338"]

1.e4 c5 2.Nf3 Nc6 3.d4 cxd4 4.Nxd4 Qc7 5.Nc3 e6 6.Be2 a6 7.O-O Nf6 8.Be3 Be7
9.f4 d6 10.Kh1 O-O 11.Qe1 Nxd4 12.Bxd4 b5 13.e5 dxe5 14.fxe5 Nd7 15.Bd3 Bb7
16.Qg3 Bc5 17.Qh4 h6 18.Rae1 Rad8 19.Re3 Bxd4 20.Qxd4 Nc5 21.Qf4 Nxd3 22.cxd3 Rd7
23.Rg3 Kh8 24.Ne4 Bxe4 25.dxe4 Qc2 26.h4 Qxb2 27.h5 Rc8 28.Qg4 Qxe5 29.Rgf3 Kg8
30.Ra3  0-1

[Event "2nd Infineon IM"]
[Site "Budapest HUN"]
[Date "2004.07.01"]
[Round "7"]
[White "Bindrich,F"]
[Black "Paschall,W"]
[Result "1/2-1/2"]
[WhiteElo "2253"]
[BlackElo "2381"]

1.e4 c5 2.Nf3 Nc6 3.d4 cxd4 4.Nxd4 Qb6 5.Nb3 Nf6 6.Nc3 e6 7.Bd3 d6 8.Qe2 Be7
9.Bd2 O-O 10.O-O Re8 11.a4 Qc7 12.f4 b6 13.a5 bxa5 14.Kh1 Bb7 15.Nb5 Qb8
16.Nxa5 Nxa5 17.Rxa5 Bd8 18.Raa1 e5 19.Bb4 Be7 20.Ba5 Bd8 21.Bb4  1/2-1/2

[Event "Open"]
[Site "Nis SCG"]
[Date "2004.07.01"]
[Round "5"]
[White "Stojkovic,Zo"]
[Black "Zafirovski,M"]
[Result "0-1"]
[WhiteElo "2074"]
[BlackElo "2307"]

1.e4 c5 2.Nf3 Nc6 3.d4 cxd4 4.Nxd4 Qc7 5.Nb5 Qb8 6.Bc4 Nf6 7.N5c3 b6 8.Be2 Bb7
9.O-O e6 10.Bg5 Be7 11.g3 O-O 12.a3 Rd8 13.Bf4 Ne5 14.Qd4 d6 15.Nd2 Ng6 16.Qe3 Nxf4
17.gxf4 Bf8 18.e5 dxe5 19.fxe5 Bc5 20.Qg5 h6 21.Qg3 Rxd2 22.exf6 Qxg3+ 23.hxg3 Bd4
24.Rfd1 Bxc3  0-1

[Event "Open"]
[Site "Nis SCG"]
[Date "2004.07.02"]
[Round "6"]
[White "Kraguljac,P"]
[Black "Miljkovic,Mir"]
[Result "0-1"]
[WhiteElo "2178"]
[BlackElo "2390"]

1.e4 c5 2.Nf3 Nc6 3.d4 cxd4 4.Nxd4 Qc7 5.Nc3 e6 6.Be3 a6 7.Qd2 Nf6 8.f3 Bb4
9.a3 Be7 10.Be2 b5 11.O-O Bb7 12.f4 d6 13.Bf3 O-O 14.Qf2 Nd7 15.Rae1 Rac8
16.Nde2 Na5 17.b3 Rfe8 18.Rd1 Bf6 19.Bd4 Nc6 20.Be3 Ne7 21.Nb1 Ng6 22.c3 Nh4
23.g4 Nxf3+ 24.Qxf3 d5 25.g5 dxe4 26.Qf2 Be7 27.Nd4 Bc5 28.f5 Ne5 29.Nd2 Ng4
30.Qh4 Nxe3 31.g6 hxg6 32.fxg6 fxg6 33.Nxe4 Bxe4 34.Qxe4 Nxf1  0-1

[Event "TCh-GRE"]
[Site "Aghia Pelagia GRE"]
[Date "2004.07.06"]
[Round "3"]
[White "Navara,D"]
[Black "Managadze,N"]
[Result "1-0"]
[WhiteElo "2616"]
[BlackElo "2463"]

1.e4 c5 2.Nf3 Nc6 3.d4 cxd4 4.Nxd4 Qb6 5.Nb3 Nf6 6.Nc3 e6 7.Bd3 d6 8.O-O Be7
9.Qe2 a6 10.a4 Qc7 11.a5 O-O 12.Be3 Nd7 13.Na4 Nc5 14.Nb6 Rb8 15.f4 Bd7 16.Nxc5 dxc5
17.Qf2 Nd4 18.b4 Rbd8 19.bxc5 Bb5 20.Rfd1 Bxd3 21.Rxd3 Nc6 22.Kh1 Bf6 23.Ra4 Rxd3
24.cxd3 Bc3 25.Bd2 Bb2 26.Be3 Bc3 27.Bd2 Bb2 28.Be1 Bf6 29.e5 Bd8 30.Qa2 Be7
31.d4 Rd8 32.Bf2 h6 33.h3 g6 34.Qb3 Kg7 35.g4 Na7 36.f5 Qc6+ 37.d5 exd5 38.f6+ Bxf6
39.exf6+ Kh7 40.Rd4 Nb5 41.Rd3 d4+ 42.Kg1 Kg8 43.Nc4 Qxc5 44.Nd2 Qc1+ 45.Kg2 Qc6+
46.Nf3 Rd6 47.Kg1 Qc1+ 48.Rd1 Qf4 49.Kg2 Qxf6 50.Qd3 Nc3 51.Re1 Nd5 52.Re8+ Kh7
53.Qxd4 Nf4+ 54.Kh2 g5 55.Qxf6 Rxf6 56.Bd4 Rd6 57.Rh8+ Kg6 58.Rg8+ Kh7 59.Rh8+ Kg6
60.Rg8+ Kh7 61.Rg7+ Kh8 62.Rxf7+  1-0

[Event "IMB"]
[Site "Brno CZE"]
[Date "2004.07.06"]
[Round "4"]
[White "Smolen,J"]
[Black "Arzumanian,G"]
[Result "1-0"]
[WhiteElo "2306"]
[BlackElo "2433"]

1.e4 c5 2.Nf3 Nc6 3.d4 cxd4 4.Nxd4 Qb6 5.Nb3 Nf6 6.Nc3 e6 7.Bd3 a6 8.O-O d6
9.Qe2 Be7 10.Bg5 O-O 11.Rae1 Nd7 12.Bd2 Nce5 13.Nd1 Qc7 14.f4 Nxd3 15.cxd3 Re8
16.Ne3 Bf8 17.Ng4 Qd8 18.Bc3 Qh4 19.Nd2 b5 20.h3 Bb7 21.f5 e5 22.f6 Nxf6
23.Rxf6 gxf6 24.Nf3 Qg3 25.Rb1 f5 26.Be1 Qf4 27.g3 fxg4 28.gxf4 gxf3 29.Qxf3 Bh6
30.Bg3 exf4 31.Bxf4 Bxf4 32.Qxf4 Re6 33.Kh2 Rc8 34.Rg1+ Kf8 35.Rg2 h6 36.Rf2 Rc7
37.Qh4 Rc8 38.Qh5 Rc7 39.Qf5 Kg7 40.h4 Rce7 41.h5 Rc7 42.Qg4+ Kh7 43.Rg2  1-0

[Event "TCh-GRE"]
[Site "Aghia Pelagia GRE"]
[Date "2004.07.07"]
[Round "4"]
[White "Sigalas,F"]
[Black "Gesos,P"]
[Result "1-0"]
[WhiteElo "2277"]
[BlackElo "2304"]

1.e4 c5 2.Nf3 Nc6 3.d4 cxd4 4.Nxd4 Qc7 5.Nc3 e6 6.Be3 Nf6 7.Be2 Bb4 8.Nb5 Qb8
9.a3 Be7 10.f4 d6 11.g4 a6 12.Nd4 Nxd4 13.Qxd4 e5 14.Qd2 Bxg4 15.O-O-O Bxe2
16.Qxe2 Qc7 17.Rhg1 g6 18.fxe5 dxe5 19.Bg5 O-O 20.Rdf1 Qd6 21.Qf3 Kg7 22.Qh3 Ng8
23.Bd2 Qe6 24.Qf3 Rac8 25.Nd5 Rc6 26.Kb1 Rfc8 27.c3 b5 28.Rg2 a5 29.Rgf2 Rf8
30.Qe2 Rc4 31.h4 f5 32.Rg2 Rxe4 33.Qxb5 Bxh4 34.Qxa5 Rd8 35.Nc7 Qd7 36.Ka1 Bf6
37.Qb6 Qd6 38.Qxd6 Rxd6 39.Ne8+  1-0

[Event "TCh-GRE"]
[Site "Aghia Pelagia GRE"]
[Date "2004.07.09"]
[Round "7"]
[White "Zawadzka,J"]
[Black "Berczes,C"]
[Result "1/2-1/2"]
[WhiteElo "2272"]
[BlackElo "2371"]

1.e4 c5 2.Nf3 Nc6 3.d4 cxd4 4.Nxd4 Qc7 5.Nc3 e6 6.Be3 a6 7.Qd2 Nf6 8.O-O-O Bb4
9.f3 Na5 10.Kb1 Bxc3 11.bxc3 b5 12.Bf4 e5 13.Bg3 d6 14.Nf5 Bxf5 15.exf5 O-O-O
16.Bf2 Kb8 17.g4 h6 18.Qe3 Nd7 19.c4 b4 20.Rd5 Nc5 21.Qd2 Ka8 22.Bxc5 dxc5
23.f4 exf4 24.Bg2 Ka7 25.Qd3 Nc6 26.Re1 b3 27.axb3 Nb4 28.Qc3 Nxd5 29.Bxd5 f6
30.Re6 Rd6 31.Re4 Rb8 32.Qe1 Rbd8 33.Re7 R8d7 34.Re8 Rd8 35.Re7 R8d7 36.Re8 Rd8  1/2-1/2

[Event "Glassy Stream Open"]
[Site "Kharkov UKR"]
[Date "2004.07.12"]
[Round "5"]
[White "Kolomensky,V"]
[Black "Gasanov,E"]
[Result "0-1"]
[WhiteElo "2246"]
[BlackElo "2448"]

1.e4 c5 2.Nf3 Nc6 3.d4 cxd4 4.Nxd4 Qb6 5.Nb3 Nf6 6.Nc3 e6 7.Bd3 a6 8.O-O d6
9.Be3 Qc7 10.f4 b5 11.Qf3 Bb7 12.Rae1 Be7 13.Kh1 O-O 14.Qh3 Nb4 15.Nd4 Rac8
16.a3 Nxd3 17.cxd3 Rfe8 18.Bg1 Bf8 19.Qh4 Qd7 20.e5 Nd5 21.Ne4 Ne7 22.Qh5 Nf5
23.Rf3 dxe5 24.fxe5 Nxd4 25.Nf6+ gxf6 26.Rg3+ Kh8 27.Bxd4 Rc2 28.Qh4 Qd8
29.exf6 Qd5 30.Rg1 Qf5 31.Be3 Rec8 32.Bh6 Rxg2 33.R3xg2 Bxh6 34.Qxh6 Bxg2+
35.Rxg2 Qf1+ 36.Rg1 Qf3+ 37.Rg2 Rg8  0-1

[Event "HUN-POL Women's Match"]
[Site "Szeged HUN"]
[Date "2004.07.12"]
[Round "7"]
[White "Dworakowska,J"]
[Black "Lakos,N"]
[Result "1/2-1/2"]
[WhiteElo "2402"]
[BlackElo "2350"]

1.e4 c5 2.Nf3 Nc6 3.d4 cxd4 4.Nxd4 Qc7 5.Nc3 e6 6.Be3 a6 7.Qd2 Nf6 8.O-O-O Bb4
9.f3 Ne5 10.Nb3 d5 11.Bd4 O-O 12.Kb1 dxe4 13.Qf4 Bd6 14.Nxe4 Nxe4 15.Qxe4 Ng6
16.h4 e5 17.Bc3 Be6 18.h5 Ne7 19.g4 Rac8 20.Bd3 f5 21.Qe2 Nd5 22.Ba5 b6 23.Bd2 fxg4
24.fxg4 Nf6 25.Rhg1 e4 26.g5 Bxb3 27.cxb3 exd3 28.Qe6+ Kh8 29.gxf6 Rxf6 30.Qg4 Rg8
31.Bc3 Be5 32.Rxd3 Bxc3 33.Rxc3 Qf7 34.Qe2 h6 35.Re3 Rf2 36.Qe1 Rh2 37.Re7  1/2-1/2

[Event "ACT Open"]
[Site "Amsterdam NED"]
[Date "2004.07.19"]
[Round "3"]
[White "De Jong,M"]
[Black "Bark,E"]
[Result "1-0"]
[WhiteElo "2319"]
[BlackElo "2198"]

1.e4 c5 2.Nf3 Nc6 3.d4 cxd4 4.Nxd4 Qb6 5.Nb3 Nf6 6.Nc3 e6 7.Bd3 a6 8.O-O d6
9.Be3 Qc7 10.a4 b6 11.f4 Be7 12.Qf3 O-O 13.g4 d5 14.e5 Nd7 15.Qh3 g6 16.Rf3 Bb7
17.Qh6 Rfe8 18.Rh3 Nf8 19.Rf1 d4 20.Ne4 Qd8 21.g5 Nxe5 22.Bxd4 Bxe4 23.Bxe5  1-0

[Event "Open"]
[Site "Balatonlelle HUN"]
[Date "2004.07.19"]
[Round "1"]
[White "Feher,T"]
[Black "Bagonyai,A"]
[Result "0-1"]
[WhiteElo "2187"]
[BlackElo "2383"]

1.e4 c5 2.Nf3 Nc6 3.d4 cxd4 4.Nxd4 Qc7 5.c4 Nf6 6.Nc3 e6 7.Ndb5 Qb8 8.Be3 b6
9.Bd3 Bb7 10.O-O Ne5 11.f3 h5 12.Na4 Be7 13.c5 bxc5 14.Nxc5 a6 15.Na3 Neg4
16.fxg4 Nxg4 17.Bf4 Bxc5+ 18.Kh1 Bd6 19.Qf3 Bxf4 20.Qxf4 Qxf4 21.Rxf4 Ne5
22.Be2 g5 23.Rff1 Bxe4 24.Rac1 Ke7 25.Nc4 Nxc4 26.Rxc4 f5 27.b4 h4 28.Kg1 Rhb8
29.a3 Rb6 30.Bf3 Bxf3 31.Rxf3 a5 32.g3 axb4 33.axb4 Ra1+ 34.Kf2 Ra2+ 35.Kg1 g4
36.Rd3 h3  0-1

[Event "GM"]
[Site "Balatonlelle HUN"]
[Date "2004.07.19"]
[Round "1"]
[White "Brueggemann,Jo"]
[Black "Hoelzl,F"]
[Result "1/2-1/2"]
[WhiteElo "2408"]
[BlackElo "2373"]

1.e4 c5 2.Nf3 Nc6 3.d4 cxd4 4.Nxd4 Qc7 5.Nc3 e6 6.Be3 Nf6 7.Bd3 Nxd4 8.Bxd4 Bc5
9.Bxc5 Qxc5 10.Qe2 d6 11.Bb5+ Ke7 12.O-O a6 13.Bd3 b5 14.Kh1 Bb7 15.Rae1 h5
16.Nd1 h4 17.h3 Rac8 18.a3 g5 19.Qe3 Qxe3 20.Rxe3 Rc5 21.f3 Rhc8 22.Kg1 Nh5
23.Rfe1 Nf4 24.c3 f6 25.Nf2 Rd8 26.Bf1 d5 27.e5 f5 28.Nd3  1/2-1/2

[Event "Open"]
[Site "Balatonlelle HUN"]
[Date "2004.07.19"]
[Round "1"]
[White "Hujbert,F"]
[Black "Berczes,C"]
[Result "0-1"]
[WhiteElo "2019"]
[BlackElo "2371"]

1.e4 c5 2.Nf3 Nc6 3.d4 cxd4 4.Nxd4 Qc7 5.Nc3 e6 6.g3 a6 7.Bg2 Nf6 8.O-O Be7
9.Be3 Ne5 10.Bf4 d6 11.Bxe5 dxe5 12.Nb3 O-O 13.Qe2 b5 14.Rac1 Bd7 15.Rfd1 Bc6
16.Nd5 exd5 17.exd5 Bd7 18.c4 bxc4 19.Rxc4 Qd6 20.Qc2 Rac8 21.Na5 Qb6 22.Nc6 Bd6
23.b4 Bxc6 24.dxc6 Bc7 25.Bh3 Rcd8 26.Bd7 e4 27.a4 e3 28.Kg2 Nxd7 29.cxd7 Qb7+
30.f3 Bb6  0-1

[Event "Open"]
[Site "Balatonlelle HUN"]
[Date "2004.07.20"]
[Round "2"]
[White "Horvath,Re"]
[Black "Mueller,Le"]
[Result "0-1"]
[WhiteElo "2019"]
[BlackElo "2198"]

1.e4 c5 2.Nf3 Nc6 3.d4 cxd4 4.Nxd4 Qb6 5.Nb3 Nf6 6.Nc3 e6 7.Be3 Qc7 8.Qe2 Bb4
9.Bd2 O-O 10.O-O-O a6 11.g4 d5 12.exd5 exd5 13.g5 Bxc3 14.Bxc3 Ne4 15.Bd2 Bf5
16.f3 Nd6 17.Bc3 Nb5 18.Bd4 Rfe8 19.Qf2 Nbxd4 20.Nxd4 Qf4+ 21.Qd2 Qxd2+ 22.Rxd2 Re1+  0-1

[Event "Open"]
[Site "Balatonlelle HUN"]
[Date "2004.07.21"]
[Round "3"]
[White "Bokros,A"]
[Black "Berczes,C"]
[Result "1/2-1/2"]
[WhiteElo "2470"]
[BlackElo "2371"]

1.e4 c5 2.Nf3 Nc6 3.d4 cxd4 4.Nxd4 Qc7 5.Nc3 e6 6.Be2 a6 7.O-O Nf6 8.Kh1 Be7
9.f4 d6 10.Be3 O-O 11.a4 Bd7 12.Bf3 Rfd8 13.Nb3 b6 14.g4 Be8 15.g5 Nd7 16.Bg2 Rab8
17.Qe2 Nb4 18.Rf3 Nc5 19.Nd4 g6 20.Rh3 Bf8 21.Rf1 e5 22.Nb3 Nxa4 23.Qf2 Nxc3
24.bxc3 exf4 25.Bd4 Nc6 26.Bf6 h5 27.gxh6 Kh7 28.Bxd8 Qxd8 29.Qxf4 Ne5 30.Nd4 Bd7
31.Rg3 Bxh6 32.Qf2 Qe7 33.Bh3 Be8 34.Bf5 Kg8 35.Rg2 Bg7 36.h4 Rb7 37.h5 Rc7
38.Qg3 Rc5 39.hxg6 Nxg6 40.Rh2 Be5 41.Qe3 Bxh2 42.Kxh2 d5 43.Bxg6 Qe5+ 44.Kg1 fxg6
45.Qh3 Qg5+ 46.Kh1 Bf7 47.Qd7 Qh4+ 48.Kg2 Qxe4+ 49.Kg1 Qe3+ 50.Kg2 Qg5+ 51.Kh1 Qh4+
52.Kg2 Qg5+ 53.Kh1 Qh4+ 54.Kg2 Qe4+ 55.Kg1 Qe3+ 56.Kg2 Qe4+ 57.Kg1 Qe3+ 58.Kg2 Qe4+  1/2-1/2

[Event "Open"]
[Site "Balatonlelle HUN"]
[Date "2004.07.21"]
[Round "3"]
[White "Schoepf,A"]
[Black "Bagonyai,A"]
[Result "0-1"]
[WhiteElo "2161"]
[BlackElo "2383"]

1.e4 c5 2.Nf3 Nc6 3.d4 cxd4 4.Nxd4 Qc7 5.Nc3 e6 6.Ndb5 Qb8 7.Be3 Nf6 8.g3 d6
9.Bg2 Be7 10.O-O O-O 11.a4 Ne5 12.Qe2 Bd7 13.f4 Ng6 14.g4 h6 15.g5 hxg5 16.fxg5 Nh7
17.Qh5 Qd8 18.Rad1 Bxb5 19.Nxb5 a6 20.Nxd6 Bxd6 21.e5 Nxe5 22.Rd4 Ng6 23.Rf3 Re8
24.Rxf7 Kxf7 25.Be4 Nf8 26.Rd1 Qa5 27.c3 Qe5 28.Bxg6+ Nxg6 29.Rf1+ Kg8 30.Qxg6 Rf8
31.Re1 Qf5  0-1

[Event "Open"]
[Site "Balatonlelle HUN"]
[Date "2004.07.23"]
[Round "5"]
[White "Gara,T"]
[Black "Metaxasz,V"]
[Result "1-0"]
[WhiteElo "2291"]
[BlackElo "2127"]

1.e4 c5 2.Nf3 Nc6 3.d4 cxd4 4.Nxd4 Qb6 5.Nb3 Nf6 6.Nc3 e6 7.Be3 Qc7 8.Bd3 a6
9.Na4 b5 10.Nb6 Rb8 11.Nxc8 Rxc8 12.O-O Qe5 13.f4 Qxb2 14.a4 e5 15.axb5 axb5
16.Rb1 Qa3 17.Bxb5 exf4 18.Bxf4 Qa7+ 19.Kh1 Be7 20.e5 Ne4 21.Qf3 Nc5 22.Bxc6 Rxc6
23.Ra1 Ra6 24.Be3  1-0

[Event "GM"]
[Site "Balatonlelle HUN"]
[Date "2004.07.23"]
[Round "5"]
[White "Brueggemann,Jo"]
[Black "Tolnai,T"]
[Result "0-1"]
[WhiteElo "2408"]
[BlackElo "2441"]

1.e4 c5 2.Nf3 Nc6 3.d4 cxd4 4.Nxd4 Qb6 5.Nb3 Nf6 6.Nc3 e6 7.Bd3 Qc7 8.f4 d6
9.Qf3 a6 10.Bd2 Be7 11.O-O Nb4 12.Rae1 Nxd3 13.cxd3 O-O 14.Rc1 Qd8 15.Be3 Rb8
16.g4 b5 17.g5 Nd7 18.Qh5 g6 19.Qh4 Nc5 20.Nd4 Qe8 21.Rcd1 f5 22.b4 Na4 23.Nce2 Qd7
24.Rc1 Bb7 25.exf5 exf5 26.Qf2 Rbc8 27.Bd2 Rfe8 28.Rxc8 Rxc8 29.Re1 Bf8 30.a3 Bg7
31.h4 Qf7 32.Kh2 Qd5 33.Kg3 Nb2 34.Qf3 Qf7 35.Qe3 Re8 36.Qg1 Nxd3 37.Rd1 Nb2
38.Re1 Nc4 39.Bc1 Qd5 40.Rd1 Rxe2 41.Nxe2 Qf3+ 42.Kh2 Qxe2+ 43.Kg3 Qg4+ 44.Kf2 Qf3+
45.Ke1 Bc3+  0-1

[Event "Open"]
[Site "Balatonlelle HUN"]
[Date "2004.07.24"]
[Round "6"]
[White "Meszaros,T"]
[Black "Bagonyai,A"]
[Result "1/2-1/2"]
[WhiteElo "2346"]
[BlackElo "2383"]

1.e4 c5 2.Nf3 Nc6 3.d4 cxd4 4.Nxd4 Qc7 5.Nc3 e6 6.Be2 a6 7.O-O Nf6 8.Be3 d6
9.f4 Be7 10.a4 O-O 11.Kh1 Rd8 12.Qe1 Nxd4 13.Bxd4 e5 14.Bg1 exf4 15.a5 Re8
16.Bb6 Qc6 17.Rxf4 Be6 18.Qg3 Nd7 19.Bd4 Ne5 20.Raf1 Rf8 21.Bd3 Rac8 22.Ne2 Qa4
23.Bc3 Rxc3 24.Nxc3 Qxa5 25.Nd5 Bxd5 26.exd5 Qxd5 27.Be4 Qb5 28.b3 g6 29.c4 Qb4
30.Bd5 Kg7 31.h4 b6 32.R4f2 a5 33.h5 Qc5 34.h6+ Kxh6 35.Bxf7 Qd4 36.Rf4 Qd2
37.Be6 Rxf4 38.Qxf4+ Qxf4 39.Rxf4 Kg5 40.Re4 Nd3 41.Re3 Nc5 42.Bg8 Bf6 43.Bxh7 Be5
44.g3 Nd7 45.Bg8 Nf6 46.Be6 Nh5 47.Kg2 Kf6 48.Bg4 Nxg3 49.Rxg3 Bxg3 50.Kxg3 Ke5
51.Kf3 d5 52.Ke3 dxc4 53.bxc4 a4 54.Kd3 a3 55.Kc3 a2 56.Kb2 a1=Q+ 57.Kxa1 Kd4
58.Be2 g5 59.Kb2 g4 60.Kb3 g3  1/2-1/2

[Event "Open"]
[Site "Balatonlelle HUN"]
[Date "2004.07.25"]
[Round "7"]
[White "Szalanczy,E"]
[Black "Berczes,C"]
[Result "0-1"]
[WhiteElo "2380"]
[BlackElo "2371"]

1.e4 c5 2.Nf3 Nc6 3.d4 cxd4 4.Nxd4 Qc7 5.Nc3 e6 6.f4 a6 7.Be3 b5 8.Nxc6 Qxc6
9.Bd3 Bb7 10.Qf3 Nf6 11.e5 Qxf3 12.gxf3 Ng4 13.Bd4 Bxf3 14.O-O Bc6 15.a4 b4
16.Ne4 Nh6 17.Nc5 Nf5 18.Bf2 Nh4 19.Bd4 Nf3+ 20.Rxf3 Bxc5 21.Bxc5 Bxf3 22.Bxb4 f5
23.exf6 gxf6 24.Kf2 Bh5 25.c4 Rb8 26.Bc3 Kf7 27.b4 Bg6 28.Be2 Rhc8 29.a5 d5
30.c5 d4 31.Bd2 Rc6 32.Bf3 Rc7 33.Rg1 Rg8 34.Rc1 Bd3 35.h4 Ke8 36.c6 f5 37.b5 Bxb5
38.Bb4 Kd8 39.Bc5 d3 40.Bb6 Kc8 41.Ke3 Rg3 42.Kf2 Rg8 43.h5 d2 44.Rd1 Rd8
45.Be2 Bxe2 46.Kxe2 Rd5 47.Bxc7 Kxc7 48.h6 Kxc6 49.Ke3 Kb5 50.Ke2 Kc4 51.Rxd2 Rxd2+
52.Kxd2 Kd4 53.Kc2 Ke4 54.Kc3 Kxf4 55.Kc4 e5  0-1

[Event "GM"]
[Site "Balatonlelle HUN"]
[Date "2004.07.26"]
[Round "8"]
[White "Brueggemann,Jo"]
[Black "Horvath,Ad1"]
[Result "1/2-1/2"]
[WhiteElo "2408"]
[BlackElo "2528"]

1.e4 c5 2.Nf3 Nc6 3.d4 cxd4 4.Nxd4 Qc7 5.Nc3 e6 6.Be3 Nf6 7.Bd3 Nxd4 8.Bxd4 Bc5
9.Bxc5 Qxc5 10.Qd2 d6 11.O-O-O Bd7 12.Be2 Ke7 13.g4 Bc6 14.f3 g5 15.h4 h6
16.Rh3 Rac8 17.Rf1 Qe5 18.Kb1 Rhd8 19.Bd3 Rg8 20.Re1 b5 21.Ne2 Qc5 22.Nc1 Rc7  1/2-1/2

[Event "Open"]
[Site "Balatonlelle HUN"]
[Date "2004.07.26"]
[Round "8"]
[White "Dekic,J"]
[Black "Bagonyai,A"]
[Result "1/2-1/2"]
[WhiteElo "2317"]
[BlackElo "2383"]

1.e4 c5 2.Nf3 Nc6 3.d4 cxd4 4.Nxd4 Qc7 5.c4 Nf6 6.Nc3 e6 7.Be3 b6 8.Rc1 Bc5
9.Be2 a6 10.O-O Bb7 11.f3 d6 12.a3 Nxd4  1/2-1/2